Estructura de clases: consideraciones teóricas y tendencias en la sociedad uruguaya
Estudio de las tendencias principales y la estructura de clases en Uruguay, al cual caracteriza como un país de producción capitalista dependiente, con una estructura de clases que evoluciona, pero sin alterar las leyes mismas del capitalismo. Contiene un cuestionamiento de la teoría social de Marx...
Salvato in:
| Autore principale: | |
|---|---|
| Natura: | testo |
| Pubblicazione: |
Bergen :
|
| Soggetti: | |
| Tags: |
Aggiungi Tag
Nessun Tag, puoi essere il primo ad aggiungerne!!
|
MARC
| LEADER | 00000 a a2200000 04500 | ||
|---|---|---|---|
| 001 | 13328 | ||
| 003 | |||
| 040 | |||
| 090 | |a 026700 | ||
| 100 | |a Carpena, Enrique F | ||
| 245 | |a Estructura de clases: consideraciones teóricas y tendencias en la sociedad uruguaya | ||
| 260 | |a Bergen : | ||
| 300 | |a 15 p. | ||
| 300 | |b **no definido** | ||
| 520 | |a Estudio de las tendencias principales y la estructura de clases en Uruguay, al cual caracteriza como un país de producción capitalista dependiente, con una estructura de clases que evoluciona, pero sin alterar las leyes mismas del capitalismo. Contiene un cuestionamiento de la teoría social de Marx y Engels y su aplicación al análisis de la realidad capitalista uruguaya. EML/mb | ||
| 650 | |a CLASES SOCIALES | ||
| 650 | |a ESTRUCTURA SOCIAL | ||
| 650 | |a CAPITALISMO | ||
| 650 | |a PRODUCCION | ||
| 650 | |a SALARIOS | ||
| 650 | |a TRABAJO | ||
| 650 | |a CLASE OBRERA | ||
| 650 | |a MARXISMO | ||
| 650 | |a ESTRUCTURA DEL EMPLEO | ||
| 650 | |a ESTRUCTURA DEL EMPLEO | ||
| 650 | |a OCUPACIONES | ||
| 650 | |a ASALARIADOS | ||
| 999 | |c 9597 |d 9597 | ||
